The Top 10 QBs ever - Statistics

General Stats
  • This quiz has been taken 28 times
  • The average score is 7 of 11
Answer Stats
Hint Answer % Correct
1 Tom Brady
100%
2 Peyton Manning
93%
3 Joe Montana
89%
7 Drew Brees
85%
10 Dan Marino
81%
4 John Elway
81%
5 Aaron Rodgers
74%
8 Terry Bradshaw
59%
9 Troy Aikman
52%
6 Brett Farve
22%
HM Trace Mcsorley
4%
No matching quizzes found
Score Distribution
Percent of People with Each Score
Percentile by Number Answered
Your Score History
You have not taken this quiz